Canada's Largest Islands Quiz Stats

 Plays Quiz not verified by Sporcle

Challenge
Share
Tweet
Embed
Score 0/25 Timer 08:00
0 Plays Today
Rank Island % Correct
1Baffin Island
97%
4Newfoundland
89.1%
11Vancouver Island
85.1%
3Ellesmere Island
82.2%
2Victoria Island
80.2%
23Prince Edward Island
75.2%
5Banks Island
59.4%
6Devon Island
52.5%
10Prince of Wales Island
46.5%
18Cape Breton Island
46.5%
7Axel Heiberg Island
43.6%
9Southampton Island
43.6%
8Melville Island
40.6%
Rank Island % Correct
13Bathurst Island
38.6%
20Anticosti Island
38.6%
12Somerset Island
37.6%
15King William Island
33.7%
19Prince Charles Island
32.7%
14Prince Patrick Island
28.7%
16Ellef Ringnes Island
27.7%
17Bylot Island
27.7%
21Cornwallis Island
27.7%
22Graham Island
26.7%
24Coats Island
20.8%
25Amund Ringnes Island
18.8%

You're not logged in!

Compare scores with friends on all Sporcle quizzes.
OR
Log In

You Might Also Like...

Show Comments

Extras

Top Quizzes Today


Score Distribution

Your Account Isn't Verified!

In order to create a playlist on Sporcle, you need to verify the email address you used during registration. Go to your Sporcle Settings to finish the process.

Report this User

Report this user for behavior that violates our Community Guidelines.

Details: